Niederländisches Künstler Lexikon (Record no. 5246)

MARC details
000 -CABECERA
campo de control de longitud fija 00831nam a2200253 a 4500
001 - NÚMERO DE CONTROL
campo de control BRCA_5552
005 - FECHA Y HORA DE LA ÚLTIMA TRANSACCIÓN
campo de control 20190320205128.0
008 - DATOS DE LONGITUD FIJA--INFORMACIÓN GENERAL
campo de control de longitud fija 280312s19061910gw-#######---#000-0#ger-#
041 ## - CÓDIGO DE LENGUA
Código de lengua del texto/banda sonora o título independiente ger
044 ## - CÓDIGO DEL PAÍS DE LA ENTIDAD EDITORA/PRODUCTORA
Código MARC del país gw
050 #4 - SIGNATURA TOPOGRÁFICA DE LA BIBLIOTECA DEL CONGRESO
Número de clasificación N6952
Número de documento/Ítem .W87 1906
100 1# - ENTRADA PRINCIPAL--NOMBRE DE PERSONA
Nombre de persona Wurzbach, Alfred von
Fechas asociadas al nombre 1846-1915
9 (RLIN) 14169
245 10 - MENCIÓN DE TÍTULO
Título Niederländisches Künstler Lexikon
Resto del título auf Grund Archivalischer Forschungen Bearbeitet
Mención de responsabilidad, etc. von Dr. Alfred von Wurzbach.
260 ## - PUBLICACIÓN, DISTRIBUCIÓN, ETC.
Lugar de publicación, distribución, etc. Viena ; Leipzig
Nombre del editor, distribuidor, etc. Halm und Goldmann
Fecha de publicación, distribución, etc. 1906-1910
300 ## - DESCRIPCIÓN FÍSICA
Extensión 2 v.
Dimensiones 27 cm.
500 ## - NOTA GENERAL
Nota general Con más de 3000 monogramas
500 ## - NOTA GENERAL
Nota general Estado físico: v.2 lomo deteriorado
500 ## - NOTA GENERAL
Nota general G113
505 0# - NOTA DE CONTENIDO CON FORMATO
Nota de contenido con formato Contenido: v.1. A-K. -- v.2. L-Z
650 14 - PUNTO DE ACCESO ADICIONAL DE MATERIA--TÉRMINO DE MATERIA
Término de materia o nombre geográfico como elemento de entrada Artistas
Subdivisión de forma Biografías
Subdivisión geográfica Países Bajos
9 (RLIN) 14170
650 14 - PUNTO DE ACCESO ADICIONAL DE MATERIA--TÉRMINO DE MATERIA
Término de materia o nombre geográfico como elemento de entrada Artistas
Subdivisión de forma Biografías
Subdivisión geográfica Bélgica
9 (RLIN) 14171
902 ## - CATALOGADOR
Iniciales GFM
942 ## - ELEMENTOS DE PUNTO DE ACCESO ADICIONAL (KOHA)
Fuente del sistema de clasificación o colocación Library of Congress Classification
Tipo de ítem Koha Libros
Holdings
Estado de retiro Estado de pérdida Estado dañado No para préstamo Localización permanente Ubicación/localización actual Fecha de adquisición Número de inventario Total de préstamos Signatura topográfica completa Código de barras Fecha visto por última vez Precio válido a partir de Tipo de ítem Koha
El ejemplar forma parte de la colección y puede ser consultado según las políticas vigentes.       Biblioteca del Museo Franz Mayer (Rogerio Casas-Alatriste) Biblioteca del Museo Franz Mayer (Rogerio Casas-Alatriste) 09/02/2011 G113   N6952 .W87 1906 (G113) 5988 22/03/2019 22/03/2019 Libros